000 01619nam a2200385 a 4500
001 ebr10681005
003 CaPaEBR
006 m u
007 cr cn|||||||||
008 100621s2010 nyu sb 001 0 eng d
010 _z 2010025691
020 _z9781617281686 (softcover)
020 _z9781617287794 (e-book)
040 _aCaPaEBR
_cCaPaEBR
035 _a(OCoLC)709889268
050 1 4 _aRJ456.D5
_bO38 2010eb
082 0 4 _a618.92/3427
_222
100 1 _aOgunlesi, Tinuade A.
245 1 0 _aTypes and causes of childhood diarrhea
_h[electronic resource] /
_cTinuade A. Ogunlesi.
260 _aNew York :
_bNova Science Publishers, Inc.,
_cc2010.
300 _aviii, 54 p.
490 1 _aNovinka
490 1 _aPublic health in the 21st century
500 _a"Nova biomedical."
504 _aIncludes bibliographical references and index.
505 0 _aDiarrhoeal syndromes -- Epidemiology of diarrhoea -- Mechanisms of diarrhoea -- Predisposing factors -- Aetiology of watery diarrhoea -- Dysentery -- Persistent diarrhoea -- Chronic diarrhoea.
533 _aElectronic reproduction.
_bPalo Alto, Calif. :
_cebrary,
_d2013.
_nAvailable via World Wide Web.
_nAccess may be limited to ebrary affiliated libraries.
650 0 _aDiarrhea in children.
650 0 _aDiarrhea in children
_xEtiology.
655 7 _aElectronic books.
_2local
710 2 _aebrary, Inc.
830 0 _aNovinka (Series)
830 0 _aPublic health in the 21st century series.
856 4 0 _uhttp://site.ebrary.com/lib/rucke/Doc?id=10681005
_zAn electronic book accessible through the World Wide Web; click to view
999 _c60354
_d60354